Application of GIS and Remote Sensing in Environmental Management (Record no. 289)
[ view plain ]
| 000 -LEADER | |
|---|---|
| fixed length control field | 00377 a2200109 4500 |
| 020 ## - INTERNATIONAL STANDARD BOOK NUMBER | |
| International Standard Book Number | 8171419631 |
| 082 ## - DEWEY DECIMAL CLASSIFICATION NUMBER | |
| Classification number | 333.73 ABB |
| 100 ## - MAIN ENTRY--PERSONAL NAME | |
| Personal name | Abbasi, S. A |
| 245 ## - TITLE STATEMENT | |
| Title | Application of GIS and Remote Sensing in Environmental Management |
| Statement of responsibility, etc. | S. A Abbasi, K. B Chari |
| 260 ## - PUBLICATION, DISTRIBUTION, ETC. | |
| Place of publication, distribution, etc. | New Delhi : |
| Name of publisher, distributor, etc. | Discovery Publishing House, |
| Date of publication, distribution, etc. | 2005 |
| 300 ## - PHYSICAL DESCRIPTION | |
| Extent | 306p. : |
| Other physical details | ill ., maps, graphs, pics., ; |
| Dimensions | 22 cm |
| 650 ## - SUBJECT ADDED ENTRY--TOPICAL TERM | |
| Topical term or geographic name entry element | GIS -- Application |
| Withdrawn status | Lost status | Damaged status | Not for loan | Permanent Location | Current Location | Shelving location | Date acquired | Total Checkouts | Full call number | Barcode | Date last seen | Price effective from | Koha item type |
|---|---|---|---|---|---|---|---|---|---|---|---|---|---|
| School of Civil and Environmental Engineering (SCEE) | School of Civil and Environmental Engineering (SCEE) | 333.73 ABB | NIT-3547 | 01/05/2017 | 01/05/2017 | Book |
